Guess the State Based on the Tallest Building - Statistics

General Stats
  • This quiz has been taken 8 times
  • The average score is 9 of 15
Answer Stats
Picture Answer % Correct
Arizona
100%
Idaho
100%
Illinois
100%
Indiana
100%
Iowa
100%
Louisiana
100%
Massachusetts
100%
Minnesota
100%
Missouri
100%
Nevada
100%
New York
100%
Ohio
100%
Rhode Island
100%
South Carolina
100%
Utah
100%
Vermont
100%
Washington
100%
West Virginia
100%
Connecticut
67%
Montana
67%
North Dakota
67%
Alaska
50%
California
50%
Kansas
50%
Pennsylvania
50%
South Dakota
50%
Wisconsin
50%
Wyoming
40%
Maine
33%
New Mexico
33%
North Carolina
33%
Tennessee
33%
Delaware
20%
Alabama
0%
Arkansas
0%
Colorado
0%
Florida
0%
Georgia
0%
Hawaii
0%
Kentucky
0%
Maryland
0%
Michigan
0%
Mississippi
0%
Nebraska
0%
New Hampshire
0%
New Jersey
0%
Oklahoma
0%
Oregon
0%
Texas
0%
Virginia
0%
No matching quizzes found
Score Distribution
Percent of People with Each Score
Percentile by Number Answered
Your Score History
You have not taken this quiz